Crocodiles et alligators de fiction - Statistiques

Statistiques générales
  • Ce quiz a été pris 11 fois
  • Le résultat moyen est 4 sur 17
Statistiques - réponses
Crocodile/Alligator de fiction Univers % Correct
King K Rool Donkey Kong
73%
Louis La Princesse et la Grenouille
73%
Tic Tac Peter Pan
73%
Banana Croco One Piece
45%
Vector Sonic The Hedgehog
45%
Renekton League of Legends
27%
Maître Croc Kung Fu Panda
18%
Leatherhead Tortues Ninja
9%
Mr Vile Banjo-Kazooie
0%
Derick Comme des bêtes
0%
Ben Ali Gator Fantasia
0%
Makuu La Garde du Roi Lion
0%
Cragger Lego Chima
0%
Lizzie Rampage
0%
Crocubot Rick et Morty
0%
Bratty Undertale
0%
Gabby Gator Woody Woodpecker
0%
Aucun quiz correspondant
Distribution des résultats
% des personnes avec chaque résultat
Percentile par nombre de réponses
Votre historique - résultats
Vous n’avez pas pris ce quiz